Puchar Polski - zwycięzcy (1925-2019) - Statystyki

Ogólne statystyki
  • Ten quiz został rozwiązany 345 razy
  • Średni wynik to 53 z 65
Statystyki odpowiedzi
Sezon Zwycięzca % Poprawnych
1954/55 Legia Warszawa
100%
1955/56 Legia Warszawa
100%
1963/64 Legia Warszawa
100%
1965/66 Legia Warszawa
100%
1972/73 Legia Warszawa
100%
1979/80 Legia Warszawa
100%
1980/81 Legia Warszawa
100%
1988/89 Legia Warszawa
100%
1989/90 Legia Warszawa
100%
1993/94 Legia Warszawa
100%
1994/95 Legia Warszawa
100%
1996/97 Legia Warszawa
100%
2007/08 Legia Warszawa
100%
2010/11 Legia Warszawa
100%
2011/12 Legia Warszawa
100%
2012/13 Legia Warszawa
100%
2014/15 Legia Warszawa
100%
2015/16 Legia Warszawa
100%
2017/18 Legia Warszawa
100%
1981/82 Lech Poznań
98%
1983/84 Lech Poznań
98%
1987/88 Lech Poznań
98%
2003/04 Lech Poznań
98%
2008/09 Lech Poznań
98%
1925/26 Wisła Kraków
96%
1966/67 Wisła Kraków
96%
2001/02 Wisła Kraków
96%
2002/03 Wisła Kraków
96%
1982/83 Lechia Gdańsk
93%
2018/19 Lechia Gdańsk
93%
1978/79 Arka Gdynia
89%
2016/17 Arka Gdynia
89%
1950/51 Ruch Chorzów
86%
1973/74 Ruch Chorzów
86%
1995/96 Ruch Chorzów
86%
1964/65 Górnik Zabrze
84%
1967/68 Górnik Zabrze
84%
1968/69 Górnik Zabrze
84%
1969/70 Górnik Zabrze
84%
1970/71 Górnik Zabrze
84%
1971/72 Górnik Zabrze
84%
1952 Polonia Warszawa
81%
2000/01 Polonia Warszawa
81%
1975/76 Śląsk Wrocław
80%
1986/87 Śląsk Wrocław
80%
1984/85 Widzew Łódź
77%
1956/57 ŁKS Łódź
75%
2009/10 Jagiellonia Białystok
69%
2013/14 Zawisza Bydgoszcz
68%
1985/86 GKS Katowice
61%
1992/93 GKS Katowice
61%
1990/91 GKS Katowice
60%
2005/06 Wisła Płock
56%
1997/98 Amica Wronki
52%
1998/99 Amica Wronki
52%
1999/00 Amica Wronki
52%
1961/62 Zagłębie Sosnowiec
50%
1962/63 Zagłębie Sosnowiec
50%
1976/77 Zagłębie Sosnowiec
50%
1977/78 Zagłębie Sosnowiec
50%
1991/92 Miedź Legnica
34%
2004/05 Dyskobolia Grodzisk Wielkopolski
32%
2006/07 Dyskobolia Grodzisk Wielkopolski
32%
1974/75 Stal Rzeszów
28%
1953/54 Gwardia Warszawa
21%
Nie znaleziono quizów pasujących do podanych kryteriów
Rozkład punktacji
Procent ludzi z każdym wynikiem
Percentyl według liczby udzielonych odpowiedzi
Twoja historia wyników
Nie rozwiązałeś tego quizu